| 000 | 00000nam 2200000zi 4500 |
| 001 | 9.700392 |
| 003 | CaOODSP |
| 005 | 20250506145324 |
| 006 | m o d f |
| 007 | cr |n||||||||| |
| 008 | 210622t19891982onca||||ob f000 0 eng d |
| 040 | |aCaOODSP|beng|erda|cCaOODSP |
| 043 | |an-cn--- |
| 086 | 1 |aA53-1726/1982E-PDF|zA53-1726/1982E |
| 100 | 1 |aMaas, E.F., |eauthor. |
| 245 | 10|aArtificial media in horticulture : |btheir formulation and fertilization for bedding plants, vegetable seedling blocks, greenhouse vegetables, container-grown shrubs, home gardening / |cE.F. Maas and R.M. Adamson (Retired). |
| 264 | 1|aOttawa : |bAgriculture Canada, |c1989. |
| 264 | 4|c©1982 |
| 300 | |a1 online resource (18 pages) : |billustrations |
| 336 | |atext|btxt|2rdacontent |
| 337 | |acomputer|bc|2rdamedia |
| 338 | |aonline resource|bcr|2rdacarrier |
| 500 | |a"Digitized by the Internet Archive in 2012 with funding from Agriculture and Agri-Food Canada - Agriculture et Agroalimentaire Canada." |
| 500 | |aIssued also in French under title: Les milieux de culture artificiels en horticulture. |
| 500 | |a"Reprinted 1989." |
| 504 | |aIncludes bibliographical references. |
| 650 | 0|aPotting soils. |
| 650 | 0|aPlant growing media, Artificial. |
| 710 | 1 |aCanada.|bAgriculture Canada, |eissuing body. |
| 775 | 08|tLes milieux de culture artificiels en horticulture : |w(CaOODSP)9.644286 |
| 856 | 40|qPDF|s1447 KB|uhttps://publications.gc.ca/collections/collection_2015/aac-aafc/A53-1726-1982-eng.pdf |
| 986 | |aPublication 1726/E |